| 000 | 00560nam a2200181 i 4500 | ||
|---|---|---|---|
| 001 | 23686 | ||
| 003 | ES-MaACL | ||
| 005 | 20230906152921.0 | ||
| 007 | t| | ||
| 008 | 021211s1968 sp ||||1| spa d | ||
| 100 | 1 |
_aAmelar, Richard D. _921188 |
|
| 245 | 1 | 0 |
_aInfertilidad en el varón / _cRichard D. Amelar ; versión por José Mª Tresánchez Trías. |
| 250 | _a[1ª ed.]. | ||
| 260 |
_aBarcelona : _bEspaxs, _c[1968] |
||
| 300 |
_a166 p. : _bil. ; _c22 cm. |
||
| 700 | 1 |
_aTresánchez Trías, José María. _9111325 |
|
| 852 |
_aES-MaACL _jC-36023 _bR.69003 |
||
| 999 |
_c23686 _d23686 |
||